Giáo trình tâm lý học tư pháp

Spremljeno u:
Bibliografski detalji
Format: Knjiga
Jezik:Undetermined
Izdano: ĐHQGHN
Oznake: Dodaj oznaku
Bez oznaka, Budi prvi tko označuje ovaj zapis!
Thư viện lưu trữ: Trung tâm Học liệu Trường Đại học Cần Thơ
LEADER 00334nam a2200121Ia 4500
001 CTU_51608
008 210402s9999 xx 000 0 und d
020 |b 15000 
082 |a 364.3 
082 |b Ng100 
245 0 |a Giáo trình tâm lý học tư pháp 
260 |b ĐHQGHN 
980 |a Trung tâm Học liệu Trường Đại học Cần Thơ